Statistiques concernant Personnalités de Quotidien

Cliquez ici pour prendre le quiz!

Statistiques générales

  • Ce quiz a été pris 24 fois
  • Le résultat moyen est 13 sur 38

Statistiques - réponses

Réponse% Correct
Yann Barthès
95%
Pablo Mira
81%
Etienne Carbonnier
71%
Hugo Clément
71%
Alison Wheeler
62%
Camille Lellouche
62%
Laura Felpin
57%
Ambre Chalumeau
52%
Julien Bellver
52%
Vincent Dedienne
52%
Maïa Mazaurette
48%
Martin Weill
43%
Panayotis Pascot
43%
Anne Depétrini
33%
Azzeddine Ahmed-Chaouch
33%
Paul Gasnier
33%
Thomas VDB
33%
Éric et Quentin
29%
Jonathan Lambert
29%
Alex Ramirès
24%
Jean-Michel Aphatie
24%
Marc Beaugé
24%
Nora Hamzawi
24%
Abda Sall
19%
Juan Arbelaez
19%
Paloma
19%
Salhia Brakhlia
19%
Lilia Hassaine
14%
Paul Larrouturou
14%
Valentine Oberti
14%
Baptiste des Monstiers
10%
Camille Crosnier
10%
Clément Viktorovitch
10%
Nicolas Fresco
10%
Sophie Dupont
10%
Yann Marguet
10%
Angèle Imbert
5%
Jules Grandin
5%

Distribution des résultats

Percentile par nombre de réponses

% des personnes avec chaque résultat

Votre développement - résultats

Vous n’avez pas pris ce quiz